书目信息 |
| 题名: |
会展建筑
|
|
| 作者: | 库施 著 ;卞秉义 译 | |
| 分册: | ||
| 出版信息: | 武汉 华中科技大学出版社 2014 |
|
| 页数: | 303页 | |
| 开本: | 28cm | |
| 丛书名: | ||
| 单 册: | ||
| 中图分类: | TU242.5-64 | |
| 科图分类: | ||
| 主题词: | 展览馆--图集--建筑设计--世界--现代 | |
| 电子资源: | ||
| ISBN: | 978-7-5609-9961-6 | |
| 000 | 01087nam0 2200277 450 | |
| 001 | 474 | |
| 005 | 20160906090144.71 | |
| 010 | @a978-7-5609-9961-6@b精装@dCNY338.00 | |
| 100 | @a20141103d2014 em y0chiy50 ea | |
| 101 | 1 | @achi@cger |
| 102 | @aCN@b420000 | |
| 105 | @aa z 001yy | |
| 200 | 1 | @a会展建筑@9hui zhan jian zhu@e设计与建造手册@f(德)克莱门斯·库施著@g卞秉义译 |
| 210 | @a武汉@c华中科技大学出版社@d2014 | |
| 215 | @a303页@d28cm | |
| 300 | @a华中建筑 | |
| 305 | @a德国DOM出版公司授权出版 | |
| 312 | @a封面英文题名:Construction and design manual: exhibition halls | |
| 330 | @a本书焦于22个克服各种挑战的典型欧式建筑,概述了欧洲商品展销会的文化历史,还有对世界建筑领域内的领军人物、gmp建筑师事务所福尔克温·玛格的关于会展中心设计经验的采访。 | |
| 510 | 1 | @aConstruction and design manual: exhibition halls@zeng |
| 606 | 0 | @a展览馆@j图集@x建筑设计@y世界@z现代 |
| 690 | @aTU242.5-64@v5 | |
| 701 | 0 | @a库施@9ku shi@c(Kush, Clemens F.)@c(德)@4著 |
| 702 | 0 | @a卞秉义@9bian bing yi@4译 |
| 801 | 0 | @aCN@b唐山师范学院图书馆@c20160722 |
| 905 | @aZUCC@dTU242.5-64@e738 | |
| 会展建筑:设计与建造手册/(德)克莱门斯·库施著/卞秉义译.-武汉:华中科技大学出版社,2014 |
| 303页;28cm |
| 华中建筑 |
| ISBN 978-7-5609-9961-6(精装):CNY338.00 |
| 本书焦于22个克服各种挑战的典型欧式建筑,概述了欧洲商品展销会的文化历史,还有对世界建筑领域内的领军人物、gmp建筑师事务所福尔克温·玛格的关于会展中心设计经验的采访。 |
| ● |
| 相关链接 |
|
|
|
|
正题名:会展建筑
索取号:TU242.5-64/738
 
预约/预借
| 序号 | 登录号 | 条形码 | 馆藏地/架位号 | 状态 | 备注 |
| 1 | 902026 | 209020263 | 第二样本阅览室/ [索取号:TU242.5-64/738] | 在馆 | |
| 2 | 902027 | 209020272 | 第三借阅区/ [索取号:TU242.5-64/738] | 在馆 | |
| 3 | 902028 | 209020281 | 第三借阅区/ [索取号:TU242.5-64/738] | 在馆 | |
| 4 | 902029 | 209020290 | 密集书库-生命科学系/ [索取号:TU242.5-64/738] | 在馆 | |
| 5 | 902030 | 209020307 | 第三借阅区/ [索取号:TU242.5-64/738] | 在馆 |